Catálogo
 En Linea

Diálogo con la naturaleza / (Registro nro. 52564)

Detalles MARC
000 -CABECERA
campo de control de longitud fija 00905nam a22002537a 4500
003 - IDENTIFICADOR DEL NÚMERO DE CONTROL
campo de control DO-SdBNP
005 - FECHA Y HORA DE LA ÚLTIMA TRANSACCIÓN
campo de control 20221018124140.0
007 - CAMPO FIJO DE DESCRIPCIÓN FÍSICA--INFORMACIÓN GENERAL
campo de control de longitud fija ta
008 - DATOS DE LONGITUD FIJA--INFORMACIÓN GENERAL
campo de control de longitud fija 110301s19uu dr c 000 0 spa d
040 ## - FUENTE DE LA CATALOGACIÓN
Centro catalogador/agencia de origen DO-SdBNP
Lengua de catalogación spa
Centro/agencia transcriptor BNPHU
082 ## - NÚMERO DE LA CLASIFICACIÓN DECIMAL DEWEY
Número de clasificación xxxx
Número de documento/Ítem xxx
100 1# - ENTRADA PRINCIPAL--NOMBRE DE PERSONA
Nombre de persona Ikeda, Daisaku
9 (RLIN) 53018
245 10 - MENCIÓN DE TÍTULO
Título Diálogo con la naturaleza /
Mención de responsabilidad, etc. Daisaku Ikeda ; presentación Joaquín Balaguer, Rafael Antonio Suberví Bonilla, José Andrés Aybar Sánchez....[et.al]
260 ## - PUBLICACIÓN, DISTRIBUCIÓN, ETC.
Lugar de publicación, distribución, etc. [Santo Domingo] :
Nombre del editor, distribuidor, etc. [s.d.],
Fecha de publicación, distribución, etc. [19--]?.
300 ## - DESCRIPCIÓN FÍSICA
Extensión 27 p. :
Otras características físicas fot.
Dimensiones 28 cm.
590 ## - NOTA LOCAL (RLIN)
Nota local Inventariado, 2022/ YL
700 12 - PUNTO DE ACCESO ADICIONAL--NOMBRE DE PERSONA
Nombre de persona Balaguer, Joaquín
Término indicativo de función/relación pres.
9 (RLIN) 81437
700 12 - PUNTO DE ACCESO ADICIONAL--NOMBRE DE PERSONA
Nombre de persona Suberví Bonilla, Rafael Antonio
Término indicativo de función/relación pres.
9 (RLIN) 82532
700 12 - PUNTO DE ACCESO ADICIONAL--NOMBRE DE PERSONA
Nombre de persona Aybar Sánchez, José Andrés
Término indicativo de función/relación pres.
9 (RLIN) 18786
700 12 - PUNTO DE ACCESO ADICIONAL--NOMBRE DE PERSONA
Nombre de persona Santana Sánchez, Roberto
Término indicativo de función/relación pres.
9 (RLIN) 36882
700 12 - PUNTO DE ACCESO ADICIONAL--NOMBRE DE PERSONA
Nombre de persona Bergés Febles, Roberto
Término indicativo de función/relación pres.
9 (RLIN) 82533
910 ## - DATOS DE OPCIÓN DEL USUARIO (OCLC)
Datos de opción del usuario YLockward
942 ## - ELEMENTOS DE PUNTO DE ACCESO ADICIONAL (KOHA)
Fuente del sistema de clasificación o colocación Dewey Decimal Classification
Tipo de ítem Koha Folleto
Existencias
Estado de retiro Estado de pérdida Fuente del sistema de clasificación o colocación Restricciones de uso No para préstamo Código de colección Localización permanente Ubicación/localización actual Ubicación en estantería Fecha de adquisición Total de préstamos Signatura topográfica completa Código de barras Fecha visto por última vez Precio válido a partir de Tipo de ítem Koha
    Dewey Decimal Classification Excluido de préstamo   Patrimonio Dominicano Folletos Biblioteca Nacional Pedro Henríquez Ureña Biblioteca Nacional Pedro Henríquez Ureña En catalogación 18.10.2022   xxxx xxx 2022-4372 18.10.2022 18.10.2022 Folleto

Con tecnología Koha